| 000 | 00800cab a22002175a 4500 | ||
|---|---|---|---|
| 001 | L160223 | ||
| 008 | 190423e2019 xxk 000 0 eng d | ||
| 035 | _a(Sirsi) u160223 | ||
| 041 | 0 | _aeng | |
| 100 | 1 | _aDavies, Andrew | |
| 245 | 0 | 0 |
_aTaking cover _h[electronic resource] |
| 260 | _c2019 | ||
| 490 |
_aRICS Property Journal _vOctober-November 2018, 52-53(2) |
||
| 520 | _aLooks at range of specialist insurance services available for providing cover for fine art and antiques businesses. | ||
| 590 | _aNTK | ||
| 651 | 4 |
_aUnited Kingdom _y |
|
| 690 |
_aInsurance _96249 |
||
| 690 |
_aArts and Antiques _96217 |
||
| 856 | 4 | 0 |
_uhttps://www.rics.org/globalassets/rics-website/media/news/journals/property/property-journal-october-november-2018.pdf _zAvailable online at RICS.org |
| 942 |
_n0 _2ddc |
||
| 999 |
_c85191 _d85191 |
||